Criminal Minds Knowledge - Statistics

General Stats
  • This quiz has been taken 1,849 times
  • The average score is 9 of 11
Answer Stats
Question Answer % Correct
How many seasons have been made of Criminal Minds?(Feb. 2021) 15
96%
Wich character is played by A.J. Cook? Jennifer Jareau
95%
Who joined the BAU first, Luke Alvez or Matt Simmons? Luke Alvez
94%
What is the name of JJ's boyfriend/Husband who's also a cop? William
89%
Which one of the agents became Section Chief of Interpol in London? Emily Prentiss
86%
What is the name of JJ and William's first son? Henry
82%
Who played Derek Morgan in the series? Shemar Moore
82%
Where are the BAU office located? Quantico, Virginia
79%
David Rossi started the BAU with another character in the series who? Jason Gideon
77%
What is the full name of the BAU? The Behavioral Analysis Unit
74%
What is the full name of Savannah and Derek Morgan's son? Hank Spencer Morgan
52%
No matching quizzes found
Score Distribution
Percent of People with Each Score
Percentile by Number Answered
Your Score History
You have not taken this quiz